000 01189nam a2200313 4500
001 0000017461
003 CO-CtgCURN
005 20250429224005.0
007 ta
008 160627s2003 000 0 eng d
020 _a9682460166
040 _aCO-CtgCURN
_bspa
_ccoctgcurn
082 0 _a370.092
_bG17pv
100 1 _aGarcía González, Enrique.
245 1 0 _aVigotsky la construcción historica de la psique /
_cEnrique García González.
260 _aMexico :
_bEditorial Trillas,
_c2003.
300 _a147 p.
336 _2rdacontent
337 _2rdamedia
_asin mediacion
_bn
338 _2rdacarrier
_avolumen
_bnc
490 1 _aColección Biblioteca de grandes educadores
500 _aIncluye indice.
504 _aBibliografia (p. 131-134)
505 8 _aLas funciones psiquicas superiores.--El desarrollo cultural del niño.--El lenguaje.--Las emociones.--La percepcion.--La voluntad.--Educación desarrollo y aprendizaje.--Diferencias y semejanzas Piaget-Vigotski
600 1 0 _aVygotsky, Liev Semionovich,
_d1896-1934.
908 _a160627
942 _cBK
_h370.092
_iG17pv
_2ddc
999 _c34488
_d34488